Stati per esportazioni di Veicoli - Statistics

Statistiche generali
  • Questo quiz è stato fatto 16 volte
  • Il punteggio medio è 9 su 10
Statistiche sulle risposte
Esportazioni (milioni $) Continente Nazione % Corretto
50 700 America del Nord Canada
100%
157 341 Asia Cina
100%
49 927 Europa Francia
100%
256 907 Europa Germania
100%
52 270 Europa Spagna
100%
135 127 America del Nord Stati Uniti
100%
137 246 Asia Giappone
93%
136 076 America del Nord Messico
93%
79 144 Asia Corea del Sud
87%
53 170 Europa Belgio
40%
Nessun quiz corrispondente trovato
Distribuzione punteggi
Percentuale di utenti per punteggio
Percentile per numero di risposta
I tuoi punteggi nel tempo
Non hai fatto questo quiz